000 00684nam a2200217 4500
001 173040
003 ES-MaACL
005 20250809070336.0
007 t|
008 091016s1980 fr ||||1| fre d
020 _a2-253-00916-4
080 _a821.133.1-2"19"
100 1 _aCocteau, Jean,
_d1889-1963
_939410
245 1 3 _aLa machine infernale
_b: pièce en 4 actes /
_cJean Cocteau.
260 _aParis :
_bBernard Grasset,
_c1980.
300 _a127 p. ;
_c17 cm.
490 1 _aLe livre de poche ;
_v854
830 0 3 _aLe livre de poche
_v854
_9179656
852 4 _aES-MaACL
_jE-13024
_9R.139468 . -
_zBiblioteca Jacinto Martínez Lacalle
999 _c173040
_d173040